Designing effective pedestrian improvements in business districts

Αποθηκεύτηκε σε:
Λεπτομέρειες βιβλιογραφικής εγγραφής
Κύριος συγγραφέας: Davies, Stephen (Stephen C.)
Μορφή: Βιβλίο
Γλώσσα:English
Δημοσίευση: Chicago : American Planning Association, 1982
Θέματα:
Ετικέτες: Προσθήκη ετικέτας
Δεν υπάρχουν, Καταχωρήστε ετικέτα πρώτοι!

MARC

LEADER 00000nam a2200000 i 4500
001 1/11411
008 971006s1982 eng d
035 |1 ΠΑΡ  |a 1997  |l 10018243 
040 |a GR-MY-UA  |b gre  |e aacr 
041 0 |a eng 
082 0 |a 711.74 
100 1 |a Davies, Stephen  |q (Stephen C.) 
245 1 0 |a Designing effective pedestrian improvements in business districts /  |c Stephen C. Davies 
260 |a Chicago :   |b American Planning Association,   |c 1982 
300 |a 60 p. 
504 |a Includes bibliographical references 
650 0 0 |a Pedestrian areas. 
650 0 0 |a Pedestrian facilities design. 
852 |a INST  |b LESVOS  |e 19971006  |h 711.74 DES  |p 005100015595  |q 005100015595  |t BK  |y 0 
909 |a Λ  |b 059996 
922 |a 1ΠΑΡ  |b 199405  |c 130/ΧΑΤΖΟΠΟΥΛΟΥ 
970 |z 1999/07/23  |a ΚΑΜΑΤΣΟΥ  |b ΔΕΣΠΟΙΝΑ